000 00234 a2200109 4500
020 _a9789992467831
041 _aspa
100 _aEcheverria, Julio Serrano
245 _aDos cabezas para meter un gol
942 _cBK
999 _c29815
_d29813
999 _d29813